<?xml version="1.0" encoding="UTF-8"?>
<record
    xmlns:xsi="http://www.w3.org/2001/XMLSchema-instance"
    xsi:schemaLocation="http://www.loc.gov/MARC21/slim http://www.loc.gov/standards/marcxml/schema/MARC21slim.xsd"
    xmlns="http://www.loc.gov/MARC21/slim">

  <leader>01562cam a22002895a 4500</leader>
  <controlfield tag="001">18294903</controlfield>
  <controlfield tag="005">20151111105113.0</controlfield>
  <controlfield tag="008">140908t2015    paua   frbdf  001 0 eng d</controlfield>
  <datafield tag="020" ind1=" " ind2=" ">
    <subfield code="a">1451193548</subfield>
  </datafield>
  <datafield tag="020" ind1=" " ind2=" ">
    <subfield code="a">9781451193541 </subfield>
  </datafield>
  <datafield tag="040" ind1=" " ind2=" ">
    <subfield code="a">DNLM/DLC</subfield>
    <subfield code="c">DLC</subfield>
    <subfield code="d">EG-ScBUE </subfield>
    <subfield code="b">eng</subfield>
  </datafield>
  <datafield tag="082" ind1="0" ind2="4">
    <subfield code="a">610.736</subfield>
    <subfield code="2">22</subfield>
    <subfield code="b">EME</subfield>
  </datafield>
  <datafield tag="245" ind1="0" ind2="0">
    <subfield code="a">Emergency nursing made incredibly easy! /</subfield>
    <subfield code="c">clinical editors Beverly Ann Tscheschlog, Amy Jauch.</subfield>
  </datafield>
  <datafield tag="250" ind1=" " ind2=" ">
    <subfield code="a">2nd ed.</subfield>
  </datafield>
  <datafield tag="260" ind1=" " ind2=" ">
    <subfield code="a">Philadelphia : </subfield>
    <subfield code="b">Wolters Kluwer Health,</subfield>
    <subfield code="c">c.2015.</subfield>
  </datafield>
  <datafield tag="300" ind1=" " ind2=" ">
    <subfield code="a">viii, 530 p. :</subfield>
    <subfield code="b">ill. ;</subfield>
    <subfield code="c">23 cm.</subfield>
  </datafield>
  <datafield tag="500" ind1=" " ind2=" ">
    <subfield code="a">Glossary : p. 515-517.</subfield>
  </datafield>
  <datafield tag="500" ind1=" " ind2=" ">
    <subfield code="a">Index : p. 519-530.</subfield>
  </datafield>
  <datafield tag="504" ind1=" " ind2=" ">
    <subfield code="a">Includes bibliographical references.</subfield>
  </datafield>
  <datafield tag="505" ind1="0" ind2=" ">
    <subfield code="a">Emergency department basics / Jane Von Dohre  -- Holistic care / Jane Von Dohre -- Neurologic emergencies / Laura M. Criddle -- Cardiac emergencies / Donna Roe -- Respiratory emergencies / Robin Walsh -- Gastrointestinal emergencies / Laurie Donaghy -- Musculoskeletal emergencies and wound management / Lisa Matamoros -- Genitourinary and gynecologic emergencies / Sharon L. Lee -- Maxillofacial and ocular emergencies / Mary Jones -- Environmental emergencies / Julie Briggs -- Shock and multisystem trauma emergencies / Melissa S. Wafer -- Emergency delivery -- Recording the Apgar score / Sharon L. Lee and Lisa Matamoros.</subfield>
  </datafield>
  <datafield tag="650" ind1=" " ind2="7">
    <subfield code="a">Emergency nursing</subfield>
    <subfield code="x">Methods  </subfield>
    <subfield code="v">Handbooks.</subfield>
    <subfield code="2">BUEsh</subfield>
    <subfield code="9">12129</subfield>
  </datafield>
  <datafield tag="651" ind1=" " ind2=" ">
    <subfield code="2">BUEsh</subfield>
  </datafield>
  <datafield tag="653" ind1=" " ind2=" ">
    <subfield code="b">NNUR</subfield>
    <subfield code="c">August2015</subfield>
    <subfield code="c">November2015</subfield>
  </datafield>
  <datafield tag="700" ind1="1" ind2=" ">
    <subfield code="a">Tscheschlog, Beverly Ann,</subfield>
    <subfield code="e">editor.</subfield>
  </datafield>
  <datafield tag="700" ind1="1" ind2=" ">
    <subfield code="a">Jauch, Amy,</subfield>
    <subfield code="e">editor.</subfield>
  </datafield>
  <datafield tag="942" ind1=" " ind2=" ">
    <subfield code="2">ddc</subfield>
  </datafield>
  <datafield tag="999" ind1=" " ind2=" ">
    <subfield code="c">20591</subfield>
    <subfield code="d">20563</subfield>
  </datafield>
  <datafield tag="952" ind1=" " ind2=" ">
    <subfield code="0">0</subfield>
    <subfield code="1">0</subfield>
    <subfield code="2">ddc</subfield>
    <subfield code="4">0</subfield>
    <subfield code="7">0</subfield>
    <subfield code="8">Baccah</subfield>
    <subfield code="a">MAIN</subfield>
    <subfield code="b">MAIN</subfield>
    <subfield code="c">1ST</subfield>
    <subfield code="d">2015-08-18</subfield>
    <subfield code="e">Purchase</subfield>
    <subfield code="g">323.00</subfield>
    <subfield code="h">21764</subfield>
    <subfield code="l">4</subfield>
    <subfield code="m">5</subfield>
    <subfield code="o">610.736 EME</subfield>
    <subfield code="p">000030700</subfield>
    <subfield code="q">2023-02-06</subfield>
    <subfield code="r">2022-10-20 00:00:00</subfield>
    <subfield code="s">2022-10-20</subfield>
    <subfield code="v">404.00</subfield>
    <subfield code="y">BB</subfield>
  </datafield>
  <datafield tag="952" ind1=" " ind2=" ">
    <subfield code="0">0</subfield>
    <subfield code="1">0</subfield>
    <subfield code="2">ddc</subfield>
    <subfield code="4">0</subfield>
    <subfield code="7">0</subfield>
    <subfield code="8">Baccah</subfield>
    <subfield code="a">MAIN</subfield>
    <subfield code="b">MAIN</subfield>
    <subfield code="c">1ST</subfield>
    <subfield code="d">2015-08-18</subfield>
    <subfield code="e">Purchase</subfield>
    <subfield code="g">323.00</subfield>
    <subfield code="h">21764</subfield>
    <subfield code="l">4</subfield>
    <subfield code="m">24</subfield>
    <subfield code="o">610.736 EME</subfield>
    <subfield code="p">000030699</subfield>
    <subfield code="r">2026-03-10 00:00:00</subfield>
    <subfield code="s">2026-02-11</subfield>
    <subfield code="v">404.00</subfield>
    <subfield code="y">BB</subfield>
  </datafield>
</record>
